00605nam a22001937a 45000050016000000100028000160200026000440350027000700370013000970370012001100820010001221000013001322450100001452600041002452700071002863000020003575000019003776500015003962010080205295.0 aENG-97816 B-425349-371 a9788189107819c295.00 aEN-81349 B-425349-371 bDBAD/PUB bRBC/VEN a658.4 aHenkel,L a365 foolishk mistakes :smart managers make every day:bHow and why to avoid them /cby L Henkel aBhopalbIndra publishing Housec2010 aE-5/21, Arera Colony Habibganj Police Station RoadbBhopale462016 a328pc21cm(pbk) aincludes index aManagement